000 00572nam a2200193Ia 4500
008 090124s9999 xx 000 0 und d
082 _b47386
100 _aजोशी प्रभाकर
245 _a ेएव्हिएटर्स
250 _a1
260 _c2008
300 _a120
600 _aजोशी प्रभाकर
630 _a ेएव्हिएटर्स
700 _aमहाजन रत्नाकर
700 _aजोशी प्रभाकर
730 _a ेएव्हिएटर्स
942 _cBOOK
999 _c113616
_d113616